000 00552nam a2200181 a 4500
001 0230
005 20140414131846.0
008 040902s19uu xx 00 eng d
020 _a0-646-32337-7
050 _aM 333.959
_bEv1 1997
100 _aEvans, Mark
245 _aA to Z of kangaroos /
_cMark Evans, Peter Preuss.
260 _aAustralia :
_bThe International Fund of Animal Welfare (IFAW),
_c1997.
300 _a1 v.p. : ill. ; cm.
650 _aMammals
_xJuvenile literature.
650 _aKangaroos
_xJuvenile literature.
999 _c109947
_d109947